Miejscowości gminy Morąg - Statystyki

Ogólne statystyki
  • Ten quiz został rozwiązany 8 razy
  • Średni wynik to 10 z 48
Statystyki odpowiedzi
Odległość od Morąga (km) Miejscowość % Poprawnych
0 Morąg
100%
7,12 Niebrzydowo Wielkie
60%
3,94 Bogaczewo
40%
5,02 Bramka
40%
3,13 Dury
40%
2,77 Jurecki Młyn
40%
4,04 Jurki
40%
7,12 Kretowiny
40%
7,38 Królewo
40%
2,77 Maliniak
40%
3,05 Silin
40%
7,78 Żabi Róg
40%
2,28 Antoniewo
20%
10,2 Białka
20%
10,02 Chojnik
20%
10,91 Gubity
20%
4,16 Gulbity
20%
3,27 Jędrychówko
20%
11,17 Kalnik
20%
7,45 Kamionka
20%
1,99 Kruszewnia
20%
4,47 Łączno
20%
11,62 Markowo
20%
3,15 Obuchowo
20%
5,33 Piłąg
20%
2,33 Plebania Wólka
20%
6,07 Rolnowo
20%
9,38 Ruś
20%
10,11 Strużyna
20%
2,75 Szymanowo
20%
7,6 Zawroty
20%
6,79 Zbożne
20%
9,87 Złotna
20%
11,44 Bartężek
0%
7,2 Bożęcin
0%
5,86 Dobrocinek
0%
9,17 Kępa Kalnicka
0%
4,91 Kudypy
0%
5,22 Lubin
0%
3,31 Nowy Dwór
0%
11,77 Prętki
0%
11 Prośno
0%
3,98 Raj
0%
8,99 Słonecznik
0%
10,58 Tątławki
0%
8,29 Wenecja
0%
8,87 Wilnowo
0%
6,11 Wola Kudypska
0%
Nie znaleziono quizów pasujących do podanych kryteriów
Rozkład punktacji
Procent ludzi z każdym wynikiem
Percentyl według liczby udzielonych odpowiedzi
Twoja historia wyników
Nie rozwiązałeś tego quizu